| 000 | 01327nam a2200361 a 4500 | ||
|---|---|---|---|
| 001 | 000111852 | ||
| 003 | CHAP | ||
| 005 | 20220817044700.0 | ||
| 008 | 150923s2015 mx a fsm |||||||spa d | ||
| 010 | _a108313 | ||
| 011 | _a109285 | ||
| 040 | _cCHAP | ||
| 090 | _aTesis | ||
| 100 | 1 |
_aLópez Santis, Bernabe _9129840 |
|
| 245 | 1 | 0 |
_aEvaluación del impacto ecológico por la apertura de infraestructura caminera, con fines de exploración minera / _h[En línea] _cpor Bernabe López Santis. |
| 260 |
_aChapingo, Méx. : _bEl autor, _c2015. |
||
| 500 | _aPara ver el contenido del material haga clic en la liga | ||
| 502 | _aTesis (Ing. en Restauración Forestal) -- UACH. División de Ciencias Forestales | ||
| 590 |
_aE11695DGD _b10 _c20150925 _lUCH01 _h0854 |
||
| 590 |
_aE5995AHE _b05 _c20150923 _lUCH01 _h1345 |
||
| 590 |
_aE5995AHE _b05 _c20150923 _lUCH01 _h1346 |
||
| 590 |
_aE5995AHE _b05 _c20150923 _lUCH01 _h1346 |
||
| 590 |
_aE5995AHE _b05 _c20150923 _lUCH01 _h1436 |
||
| 650 | 1 | 4 |
_aBosques _xPreservación. |
| 650 | 1 | 4 |
_aCaminos forestales. _917874 |
| 650 | 1 | 4 |
_aImpacto ambiental. _957465 |
| 650 | 1 | 4 |
_aRestauración ecológica. _9125157 |
| 650 | 1 | 4 |
_aSuelos y ecología. _9110574 |
| 856 |
_aFinding aid _uhttp://10.13.5.2/tesis/sist111852.pdf _zTeclea aquí |
||
| 901 | _aBK | ||
| 942 | _cTESIS | ||
| 942 | _n0 | ||
| 999 |
_c108313 _d108313 |
||